Lo que importa ahora : (Registro nro. 3431)

Detalles MARC
000 -LEADER
fixed length control field 01520nam a2200301Ia 4500
003 - CONTROL NUMBER IDENTIFIER
control field OSt
005 - DATE AND TIME OF LATEST TRANSACTION
control field 20210112143249.0
008 - FIXED-LENGTH DATA ELEMENTS--GENERAL INFORMATION
fixed length control field 191128s2012 ck gr 000 0 spa d
020 ## - INTERNATIONAL STANDARD BOOK NUMBER
International Standard Book Number 9789584537614
040 ## - CATALOGING SOURCE
Original cataloging agency CO-JMCR
Transcribing agency CO-JMCR
041 0# - LANGUAGE CODE
Language code of text/sound track or separate title spa
082 04 - DEWEY DECIMAL CLASSIFICATION NUMBER
Classification number 658.4063 /
Item number H212g
Edition number 23
100 1# - MAIN ENTRY--PERSONAL NAME
Personal name Hamel, Gary,
Relator term autor
9 (RLIN) 12823
245 13 - TITLE STATEMENT
Title Lo que importa ahora :
Remainder of title cómo triunfar en un mundo de cambios implacables, competencia feroz e innovación sin barreras /
Statement of responsibility, etc. Gary Hamel ; traducción Juan Manuel Pombo, Andrés Matallana
260 ## - PUBLICATION, DISTRIBUTION, ETC.
Place of publication, distribution, etc. Bogotá :
Name of publisher, distributor, etc. Carvajal educación,
Date of publication, distribution, etc. 2012
300 ## - PHYSICAL DESCRIPTION
Extent 302 páginas ;
Dimensions 23 cm.
505 0# - FORMATTED CONTENTS NOTE
Formatted contents note Los valores importan ahora -- La innovación importa ahora -- La adaptabilidad importa ahora -- La pasión importa ahora -- La ideología importa ahora -- La brigada renegada de Half Moon Bay
520 0# - SUMMARY, ETC.
Summary, etc. Considerado como uno de los consultores más influyentes en temas de administración y estrategia empresarial, Gary Hamel hace en este libro un llamado urgente a directivos y gerentes empresariales para que vuelvan a lo prioritario.
534 ## - ORIGINAL VERSION NOTE
Introductory phrase What matters now. How to win in a world of relentless change
546 ## - LANGUAGE NOTE
Language note Traducido del ingles
650 24 - SUBJECT ADDED ENTRY--TOPICAL TERM
Topical term or geographic name entry element Administración de empresas
9 (RLIN) 12824
650 24 - SUBJECT ADDED ENTRY--TOPICAL TERM
Topical term or geographic name entry element Innovaciones tecnológicas
9 (RLIN) 12184
650 24 - SUBJECT ADDED ENTRY--TOPICAL TERM
Topical term or geographic name entry element Éxito en los negocios
9 (RLIN) 605
650 24 - SUBJECT ADDED ENTRY--TOPICAL TERM
Topical term or geographic name entry element Administración de empresas
9 (RLIN) 12825
700 1# - ADDED ENTRY--PERSONAL NAME
Personal name Pombo, Juan Manuel,
Relator term traductor
9 (RLIN) 100
700 1# - ADDED ENTRY--PERSONAL NAME
Personal name Matallana, Andrés,
Relator term traductor
9 (RLIN) 12826
942 ## - ADDED ENTRY ELEMENTS (KOHA)
Source of classification or shelving scheme Dewey Decimal Classification
Koha item type Books
Existencias
Withdrawn status Lost status Source of classification or shelving scheme Materials specified (bound volume or other part) Damaged status Not for loan Home library Current library Shelving location Date acquired Source of acquisition Full call number Barcode Date last seen Copy number Price effective from Koha item type
    Dewey Decimal Classification Donación--12/04/2018--     Biblioteca Pública José María del Castillo y Rada Biblioteca Pública José María del Castillo y Rada General Stacks 11/28/2019 Donación 658.4063 / H212g 201807280 05/16/2024 Ej.1 11/28/2019 Books